01045nam a22001817a 4500008004100000020001800041040000800059041000800067050001600075100002500091245007000116260010100186300006400287520044100351650002300792650002500815650002300840251001b |||||||| |||| 00| 0 eng d a9781916192003 ctbs aeng aHF5415.1265 aJones, Dixoneauthor aEntity SEOb: moving seach from strings to thingsc/ Dixon Jones. a[Place of publication not identified] :bDHJ Ventures LTD,c[Date of publication not identified] a68 pages :billustrations, tables, charts (color) ;c28 cm. aEntity SEO is the new approach to Search Engine Optimization. It has proved very effective in helping modern search engines better understand, index and return your content. The approach is misunderstood by many "old school" SEOs who still rely on keyword optimization instead of topic optimization to get content ranked. This book breaks down the mystique and presents Entity SEO and Semantic Search ideas in an easy to digest format. 0aWeb search engines 0aWeb site development 0aInternet marketing